000 00379nam a2200133Ia 4500
008 230411s9999 xx 000 0 und d
041 _aeng
082 _aAD/610.6/VAT/B07861
100 _aVati Jogindra
245 _aPrinciples and Practice of Nursing Management and Administration
260 _bJaypee Brothers
_aNew Delhi
_c2013
300 _a680p
999 _c157918
_d157918